000 00199 a2200097 4500
020 _a9780143474296
100 _aSudha Murty
245 _aThe circle of life
260 _bPenguin
_c2025
942 _cOO
999 _c116096
_d116095